A Szlovenszkói Tiszáninneni Református Egyházkerület Sárospatakon őrzött iratainak válogatott jegyzéke 1920-1939 között 5. kötet, 25-30. doboz

Bibliographic Details
Other Authors: Tömösközi, Ferenc (Compiler)
Format: Software eBook
Language:Hungarian
Slovak
PhysicalDescription:1 CD-ROM farebný 12 cm
Published: Komárom Selye János Egyetem Teológiai Kar 2019
ISBN:9788081223228
Edition:Első kiadás
Subjects:

MARC

LEADER 00000nam a2200000 4500
001 vtls011996061
003 SK-MaSNL
005 20260425224308.0
007 co cg auuua
008 201006s2019 xo | fq 000 0 hun
015 |a SNBS2020 
020 |a 9788081223228  |q (elektronická kniha) 
040 |a SNK  |b slo  |c SNK  |e rda 
041 0 |a hun  |a slo 
043 |a e-xo--- 
044 |a xo  |c SK 
072 7 |a 271/279  |x Kresťanské cirkvi, sekty, denominácie  |2 konspekt 
080 |a 275.4  |2 2011 
080 |a 27-72  |2 2011 
080 |a (437.6)  |2 2011 
080 |a (093)  |2 2011 
080 |a (094)  |2 2011 
080 |a (0.034.44)  |2 2011 
245 0 0 |a A Szlovenszkói Tiszáninneni Református Egyházkerület Sárospatakon őrzött iratainak válogatott jegyzéke 1920-1939 között  |n 5. kötet, 25-30. doboz  |c szerkesztette Tömösközi Ferenc 
246 3 1 |a Zoznam vybraných dokumentov Predtiského Dištriktu Reformovanej Kresťanskej Cirkvi na Slovensku (1920-1939) uskladnených v meste Sárospatak 
250 |a Első kiadás 
264 1 |a Komárom  |b Selye János Egyetem Teológiai Kar  |c 2019 
300 |a 1 CD-ROM  |b farebný  |c 12 cm 
336 |a text  |b txt  |2 rdacontent 
337 |a počítač  |b c  |2 rdamedia 
338 |a počítačový disk  |b cd  |2 rdacarrier 
347 |a textový súbor  |b PDF  |2 rda 
366 |e 100 kusov 
500 |a Nad názvom: Református teológiai kar 
536 |a Publikácia vychádza v rámci riečenia projektu Vega1/0528/16 Reformovaná kresťanská cirkev na Slovensku v rokoch 1919-1952 
546 |a Text čiastočne aj slovensky 
610 2 7 |a Reformovaná kresťanská cirkev na Slovensku  |2 SNKKA  |9 102300 
648 7 |a 20. storočie  |2 SNKPH  |9 278343 
648 7 |a 20th century  |2 SNKPHeng  |9 277995 
650 0 7 |a kalvíni  |2 SNKPH  |9 172703 
650 0 7 |a cirkev  |2 SNKPH  |9 1922 
650 0 7 |a Calvinists  |2 SNKPHeng  |9 275463 
650 0 7 |a Church  |2 SNKPHeng  |9 265729 
651 7 |a Slovensko  |2 SNKPHgeo  |9 14231 
651 7 |a Slovakia  |2 SNKPHeng  |9 92630 
655 7 |a CD-ROM  |2 SNKPH  |9 70236 
655 7 |a dokumenty  |2 SNKPH  |9 70482 
655 7 |a Documents  |2 SNKPHeng  |9 277725 
700 1 |a Tömösközi, Ferenc  |4 com  |9 306598 
710 2 |a Univerzita J. Selyeho.  |b Fakulta reformovanej teológie  |4 pbl  |9 110074 
919 |a 978-80-8122-322-8 
958 |a NT 
999 |c 609593  |d 611523 
952 |a SNK  |b SNK  |y PREZ  |7 0  |p 17A1443464  |o snkSCDM 11321/5  |i snk2020/17949  |8 0  |0 0  |1 0  |4 0  |d 2020-10-06  |l 0  |r 2026-02-23 16:19:38  |w 2026-02-23